77 Greatest Deceased Actors - Statistics

General Stats
  • This quiz has been taken 78 times
  • The average score is 28 of 77
Answer Stats
Hint Answer % Correct
4. Marlon Brando
91%
5. Humphrey Bogart
79%
36. Charlie Chaplin
72%
31. Kirk Douglas
72%
6. James Stewart
70%
3. Paul Newman
70%
49. Melvyn Douglas
67%
21. Peter OToole
67%
7. Carey Grant
63%
8. Clark Gable
63%
30. Robin Williams
63%
27. Gene Hackman
60%
18. James Dean
60%
50. Steve McQueen
60%
20. Alec Guinness
58%
1. Jack Lemmon
58%
56. Philip Seymour Hoffman
58%
45. Gregory Peck
56%
29. Heath Ledger
56%
23. Laurence Olivier
56%
19. Burt Lancaster
53%
28. Gene Kelly
53%
59. Sean Connery
53%
17. Henry Fonda
51%
22. Richard Burton
51%
62. Gary Cooper
49%
15. Sidney Poitier
47%
33. James Cagney
44%
48. Anthony Quinn
42%
2. Spencer Tracy
42%
16. Tony Curtis
42%
64. Peter Sellers
40%
13. Robert Mitchum
40%
12. William Holden
40%
39. Christopher Plummer
37%
65. David Niven
37%
38. George C. Scott
37%
24. Walter Matthau
35%
63. Fredric March
33%
55. Ernest Borgnine
30%
76. Jason Robards
30%
9. Montgomery Clift
30%
14. Rod Steiger
30%
10. James Mason
28%
66. Mickey Rooney
28%
47. Peter Ustinov
28%
26. James Coburn
26%
51. Maximilian Schell
26%
32. Paul Muni
26%
37. Edward G. Robinson
23%
25. Albert Finney
21%
40. Max von Sydow
21%
68. Omar Sharif
21%
35. Rudolph Valentino
21%
60. Alan Arkin
19%
41. James Garner
19%
72. Bob Hoskins
16%
61. Ray Liotta
16%
11. William Powell
16%
70. Claude Rains
14%
34. Emil Jannings
14%
53. Fred MacMurray
14%
71. Lee van Cleef
14%
52. Richard Widmark
14%
58. Toshirou MIfune
14%
42. Charles Boyer
12%
75. Dirk Bogarde
12%
77. Martin Landau
12%
73. Peter Postlethwaite
12%
74. Tom Wilkinson
12%
54. Jack Hawkins
9%
67. Peter Falk
9%
44. Yves Montand
9%
43. Jean-Louis Trintignant
5%
69 Michael Nyqvist
5%
57. Raul Julia
5%
46. Sessue Hayakawa
5%
No matching quizzes found
Score Distribution
Percent of People with Each Score
Percentile by Number Answered
Your Score History
You have not taken this quiz